000 00476nam a22001817a 4500
999 _c6236
_d6234
005 20210826114031.0
008 200517b xxu||||| |||| 00| 0 eng d
020 _a9788123913919
041 _aeng
082 _a615.19 SIN
100 _aSINGH S.P
_96705
245 _aConcepts of biochemistry for physiotherapy and pharmacy
250 _a1'st
260 _aNew Delhi
_bCBS Publishers and distributors
_c2019
300 _a407, x
650 _aPharmacy
_96706
942 _cBK